Spôsob zmeny kvality materiálov na prekladacej stanici. B65F 9/00

Podrobná bibliografia
Hlavný autor: Lóška, Pavol (Autor)
Médium: Kniha
Jazyk:neznámy jazyk
Fyzický popis:4 s.
Vydavateľské údaje: Banská Bystrica Úrad priemyselného vlastníctva SR 2001

MARC

LEADER 00000nam a2200000 a 4500
001 vtls001423638
003 SK-MaSNL
005 20260301072406.0
008 240318sm y0 xo 0 und
035 |a SNK000378517 
040 |a SNK  |b slo  |c SNK  |e AACR2 
044 |a xo  |c SK 
100 1 |a Lóška, Pavol  |4 aut  |9 391769 
245 1 0 |a Spôsob zmeny kvality materiálov na prekladacej stanici. B65F 9/00 
260 |a Banská Bystrica  |b Úrad priemyselného vlastníctva SR  |c 2001 
300 |c 4 s. 
999 |c 640892  |d 642822 
952 |t P60, <04>, [BOOK], {604}  |a SNK  |b SNK  |y VYP  |7 0  |p 17A0320792  |o snkSK 281708  |i snkPS 1036/2001  |0 0  |1 0  |4 0  |d 2001-11-06  |l 0  |r 2005-01-02 00:00:00  |w 2026-02-23